000 00239nam a22000857a 4500
008 160817b xxu||||| |||| 00| 0 eng d
100 _9164
_a Dixon, F, W
245 _aThe Hardly Boys: Case 5 Edge of Destruction
260 _bHarper Collins
_c1987
999 _c2822
_d2822